Normal view MARC view

Entry Topical Term

Number of records used in: 1

001 - CONTROL NUMBER

  • control field: 38802

003 - CONTROL NUMBER IDENTIFIER

  • control field:

005 - DATE AND TIME OF LATEST TRANSACTION

  • control field: 20240424110414.0

008 - FIXED-LENGTH DATA ELEMENTS

  • fixed length control field: 240424|| aca||aabn | a|a d

040 ## - CATALOGING SOURCE

  • Original cataloging agency:
  • Transcribing agency:

150 ## - HEADING--TOPICAL TERM

  • Topical term or geographic name entry element: Rumania
  • Form subdivision: Politics and government

670 ## - SOURCE DATA FOUND

  • Source citation: Work cat.: ()19187: FISCHER Galati, Stephen aut 38801, Twentieth cent. Rumania /, 1970

National Library of Nigeria OPAC is powered by Koha